000 00627nam a2200229Ia 4500
003 OSt
005 20221006164400.0
006 a|||||r|||| 00| 0
007 ta
008 221006b |||||||| |||| 00| 0 hin d
024 _a3,770
037 _cTextual
040 _aFML
_cFML
_bhin
041 _2hin
_ahin
082 _aO15:gx1,13:g, `155L3
100 _aKaangale R. P. Au.
_9677326
245 0 _aRas, Bhaav, Vichar
260 _aMaharashtra
_bRamchandra Sangitalaya
_c1973
300 _a451
_ccm.
942 _hO15:gx1,13:g, `155L3
_cTEXL
_2CC
999 _c1117071
_d1117071